01406nam a2200337 a 4500001001000000003000500010005001700015008004100032010001100073011001100084040000900095090001000104100003300114245014500147260004100292500006000333502007500393590004000468590004000508650003300548650003200581650004100613700003600654856007000690901000700760942001000767942000600777999001900783952013100802952013500933000113659CHAP20220329144406.0170905s2017 mx a fsm |||||||spa d a110120 a111092 cCHAP aTesis1 aReyes Cruz, Epifanio913319310aAlturas de corte de muestras para estimar consumo de forrajes en pastoreo /h[En línea]cpor Gabriel Maya Ramírez y Epifanio Reyes Cruz. aChapingo, Méx. :bEl autor,c2017. aPara ver el contenido del material haga clic en la liga aTesis (Ing. Agr. Esp. en Zootecnia) -- UACH. Departamento de Zootecnia aE8697GMMb05c20170905lUCH01h1118 aE8697GMMb05c20170905lUCH01h120814aForrajesxAnálisis.94255514aPastosxRendimiento.98607614aPlantas forrajerasxConsumo.91331941 aMaya Ramírez, Gabriel9133192 aFinding aiduhttp://10.13.5.2/tesis/sist113659.pdfzTeclea aquí aBK cTESIS n0 c110120d110120 00104054718TESISaBCbBCd2017-09-05fTESISl0oTesisp113661-10r2019-12-31 00:00:00w2019-12-31yTESISzRecien adquirido 00102local4053708TESISaBCbBCcPA_TESISd2017-09-05fTESISl0oTesisp113661-20r2019-12-31 00:00:00tc.2w2019-12-31yTESIS